书目信息 |
| 题名: |
喷水织造实用技术
|
|
| 作者: | 裘愉发 , 吕波 主编 | |
| 分册: | ||
| 出版信息: | 北京 中国纺织出版社 2003 |
|
| 页数: | 11,684页 | |
| 开本: | 21cm | |
| 丛书名: | 纺织新技术书库 | |
| 单 册: | ||
| 中图分类: | TS105.4 , TS103.33 | |
| 科图分类: | ||
| 主题词: | 喷水织机--纺织工艺 , 纺织工艺 | |
| 电子资源: | ||
| ISBN: | 7-5064-2438-X | |
| 000 | 00938oam2 2200289 450 | |
| 001 | 012015000008 | |
| 005 | 20150911084101.40 | |
| 010 | @a7-5064-2438-X@dCNY38.00 | |
| 100 | @a20080301e20032003am y0chiy0110 ea | |
| 101 | 0 | @achi |
| 102 | @aCN@b110000 | |
| 105 | @ay z 000yy | |
| 106 | @ar | |
| 200 | 1 | @a喷水织造实用技术@Apen shui zhi zao shi yong ji shu@f裘愉发,吕波主编 |
| 210 | @a北京@c中国纺织出版社@d2003@h2005重印 | |
| 215 | @a11,684页@d21cm | |
| 225 | 2 | @a纺织新技术书库@v26 |
| 330 | @a本书介绍了喷水织机的发展及应用现状、喷水织造的原料及开发、喷水织机织物设计与开发、织造工艺参数设定和调整、喷水织造的生产技术管理等。 | |
| 461 | 0 | @12001 @a纺织新技术书库 |
| 606 | 0 | @a喷水织机@x纺织工艺 |
| 606 | 0 | @a纺织工艺 |
| 690 | @aTS105.4@v5 | |
| 690 | @aTS103.33@v5 | |
| 701 | 0 | @a裘愉发@Aqiu yu fa@f(1939.4~)@4主编 |
| 701 | 0 | @a吕波@Alu^ bo@4主编 |
| 801 | 0 | @aCN@b碧洲教育@c20150716 |
| 905 | @a10447@f4@dTS105.4@e15 | |
| 喷水织造实用技术/裘愉发,吕波主编.-北京:中国纺织出版社,2003(2005重印) |
| 11,684页;21cm.-(纺织新技术书库;26) |
| ISBN 7-5064-2438-X:CNY38.00 |
| 本书介绍了喷水织机的发展及应用现状、喷水织造的原料及开发、喷水织机织物设计与开发、织造工艺参数设定和调整、喷水织造的生产技术管理等。 |
| ● |
| 相关链接 |
|
|
|
|
正题名:喷水织造实用技术
索取号:TS105.4/15
 
预约/预借
| 序号 | 登录号 | 条形码 | 馆藏地/架位号 | 状态 | 备注 |
| 1 | 0870961 | 208709619 | 第二样本阅览室/ [索取号:TS105.4/15] | 在馆 | |
| 2 | 0870962 | 208709628 | 第三借阅区/ [索取号:TS105.4/15] | 在馆 | |
| 3 | 0870963 | 208709637 | 第三借阅区/ [索取号:TS105.4/15] | 在馆 | |
| 4 | 0870964 | 208709646 | 第三借阅区/ [索取号:TS105.4/15] | 在馆 |